[Event "Amos Burn Memorial"]
[Site "SchemingMind.com"]
[Date "2021.06.30"]
[Round "-"]
[White "Daniel Dubé"]
[Black "William Lindberg"]
[Result "0-1"]
[WhiteCountry "CAN"]
[BlackCountry "USA"]
[WhiteElo "1563"]
[WhiteRD "56"]
[BlackElo "2429"]
[BlackRD "65"]
[GameID "712903"]

1. d4 Nf6 2. c4 e6 3. Nf3 d5 4. g3 c5 5. Bg2 cxd4 6. Nxd4 Bc5 7. cxd5 Nxd5 8. O-O O-O 9. Nc3 Nxc3 10. bxc3 Qc7
11. Nb3 Be7 12. Bb2 Bd7 13. e4 e5 14. Qf3 Be6 15. Rac1 a5 16. c4 a4 17. Nd2 Nc6 18. Rfd1 Rfd8 19. Nf1 Rxd1 20. Qxd1 a3
21. Ba1 Rd8 22. Qc2 Nb4 23. Qb3 b5 24. Ne3 bxc4 25. Qxa3 Nd3 26. Qxd3 Rxd3
0-1

[Event "Amos Burn Memorial"]
[Site "SchemingMind.com"]
[Date "2021.07.06"]
[Round "-"]
[White "Derek Price"]
[Black "The Stonewall"]
[Result "1/2-1/2"]
[WhiteCountry "ENG"]
[BlackCountry "ENG"]
[WhiteElo "2214"]
[WhiteRD "68"]
[BlackElo "2405"]
[BlackRD "74"]
[GameID "712960"]

1. c4 c6 2. g3 d5 3. Bg2 Nf6 4. Qc2 Bg4 5. h3 Bh5 6. Nf3 e6 7. O-O Bd6 8. d4 Nbd7 9. Qb3 Rb8 10. cxd5 exd5
11. Nc3 O-O 12. Nd2 Nb6 13. a4 a5 14. e4 Nxe4 15. Ndxe4 dxe4 16. Nxe4 Bb4 17. Bf4 Rc8 18. Bd6 Bxd6 19. Nxd6 Rb8 20. Nf5 Bg6
21. Ne3 Re8 22. Rfd1 h6 23. Rac1 Re7 24. h4 Be4 25. Rc3 Bxg2 26. Kxg2 Rd7 27. Rc5 Nd5 28. Nxd5 Rxd5 29. Rxd5 Qxd5+ 30. Qxd5 cxd5
31. Rc1 b5 32. axb5 Rxb5 33. Rc8+ Kh7 34. Rc5 Rb4 35. Rxd5 a4 36. Kf3 Kg6 37. Ke4 Rxb2 38. h5+ Kf6 39. Ra5 Rxf2 40. Rxa4 Ke6
41. Ra6+=
1/2-1/2

[Event "Amos Burn Memorial"]
[Site "SchemingMind.com"]
[Date "2021.07.06"]
[Round "-"]
[White "The Stonewall"]
[Black "Derek Price"]
[Result "1-0"]
[WhiteCountry "ENG"]
[BlackCountry "ENG"]
[WhiteElo "2380"]
[WhiteRD "78"]
[BlackElo "2203"]
[BlackRD "69"]
[GameID "712961"]

1. e4 c5 2. Nf3 d6 3. d4 cxd4 4. Nxd4 Nf6 5. Nc3 a6 6. g3 e5 7. Nde2 Be7 8. Bg2 O-O 9. O-O b5 10. a4 b4
11. Nd5 Nxd5 12. Qxd5 Ra7 13. Be3 Be6 14. Qd2 Rb7 15. f4 f6 16. f5 Bf7 17. g4 Nd7 18. Rfd1 b3 19. c3 Nb6 20. Ng3 Nc4
21. Qe2 Nxe3 22. Qxe3 Qc8 23. Kh1 Rd8 24. Bf3 Rbd7 25. Qe2 Bc4 26. Qg2 Qc5 27. h4 Kf8 28. Nf1 h6 29. Kh2 d5 30. exd5 Bxd5
31. Bxd5 Rxd5 32. Rxd5 Rxd5 33. Nd2 Rd3 34. Re1 e4 35. Nxe4 Qe5+ 36. Kg1 Bd6 37. Qf2 Rf3 38. Qxf3 Qh2+ 39. Kf1
1-0

[Event "Amos Burn Memorial"]
[Site "SchemingMind.com"]
[Date "2021.07.06"]
[Round "-"]
[White "The Stonewall"]
[Black "AussieMossie"]
[Result "1/2-1/2"]
[WhiteCountry "ENG"]
[BlackCountry "AUS"]
[WhiteElo "2385"]
[WhiteRD "75"]
[BlackElo "2634"]
[BlackRD "79"]
[GameID "712962"]

1. e4 c5 2. Nf3 d6 3. c3 Nf6 4. h3 Nc6 5. Bd3 e5 6. Bc2 Be7 7. O-O Qb6 8. Na3 Be6 9. d3 h6 10. Bb3 O-O
11. Nc4 Qa6 12. Re1 Nxe4 13. Rxe4 d5 14. Rxe5 dxc4 15. Rxe6 cxb3 16. Re3 bxa2 17. Qb3 Qb6 18. Qxa2 Rfd8 19. Bd2 Rd7 20. Rae1 Bf8
21. b3 Rad8 22. Qc2 a5 23. Rd1 Qa6 24. c4 b5 25. Ra1 b4 26. Bc1 Qc8 27. Bb2 Re7 28. Rae1 Qf5 29. Kf1 Red7 30. Rd1 Ra7
31. Rde1 Rc7 32. Nh4 Qd7 33. Nf3 Qc8 34. Kg1 Rb7 35. Qd1 Ra7 36. Qc2 Qf5 37. Nh4 Qd7 38. Nf3 Qc8 39. Kf1 Rad7 40. Kg1 Ra7=
1/2-1/2

[Event "Amos Burn Memorial"]
[Site "SchemingMind.com"]
[Date "2021.07.06"]
[Round "-"]
[White "AussieMossie"]
[Black "The Stonewall"]
[Result "1-0"]
[WhiteCountry "AUS"]
[BlackCountry "ENG"]
[WhiteElo "2634"]
[WhiteRD "79"]
[BlackElo "2385"]
[BlackRD "75"]
[GameID "712963"]

1. e4 c5 2. Nf3 Nc6 3. d4 cxd4 4. Nxd4 e5 5. Nb5 d6 6. c4 Be7 7. N5c3 Nf6 8. Be2 Nd4 9. Be3 Nxe2 10. Qxe2 Be6
11. h3 O-O 12. O-O Qa5 13. Nd2 Rac8 14. Rac1 a6 15. a4 Nd7 16. Rfd1 Qb4 17. b3 Nc5 18. Rc2 h6 19. Rb1 Bd8 20. Qd1 Nd7
21. Nf1 Bb6 22. Bxb6 Qxb6 23. Rd2 Rc6 24. Ne3 Nf6 25. Rd3 Rd8 26. Qc2 Qb4 27. Qe2 Rdc8 28. Rbd1 Rb6 29. Kh2 Qa3 30. Rb1 Qb4
31. f4 exf4 32. Ned5 Nxd5 33. Nxd5 Bxd5 34. exd5 a5 35. Ra1 Rf8 36. Qe4 Ra6 37. Qxf4 Raa8 38. Rg3 Kh8 39. Rf1 f6 40. Qg4 Rg8
41. Rf2 Qe1 42. Re2 Qd1 43. Rge3 Raf8 44. Qg3 Rd8 45. Re7 b6 46. R2e6 Qd2 47. Rxd6
1-0

[Event "Amos Burn Memorial"]
[Site "SchemingMind.com"]
[Date "2021.07.06"]
[Round "-"]
[White "The Stonewall"]
[Black "ray winteringham"]
[Result "1-0"]
[WhiteCountry "ENG"]
[BlackCountry "ENG"]
[WhiteElo "2417"]
[WhiteRD "73"]
[BlackElo "1511"]
[BlackRD "50"]
[GameID "712964"]

1. d4 d5 2. Nf3 Nc6 3. g3 e6 4. Bg2 Be7 5. O-O h6 6. b3 Nf6 7. Nbd2 Bd7 8. c4 a6 9. Bb2 b6 10. Rc1 O-O
11. Ne5 a5 12. cxd5 exd5 13. Nxc6 Bxc6 14. Rxc6 Qd7 15. Qc2 Rac8 16. Rc1 Bd6 17. Nf3 Rfe8 18. Ne5 Bxe5 19. dxe5 Nh7 20. Rxc7 Rxc7
21. Qxc7 Qxc7 22. Rxc7
1-0

[Event "Amos Burn Memorial"]
[Site "SchemingMind.com"]
[Date "2021.07.06"]
[Round "-"]
[White "ray winteringham"]
[Black "The Stonewall"]
[Result "0-1"]
[WhiteCountry "ENG"]
[BlackCountry "ENG"]
[WhiteElo "1511"]
[WhiteRD "50"]
[BlackElo "2417"]
[BlackRD "73"]
[GameID "712965"]

1. e4 d5 2. exd5 Nf6 3. Bc4 Nxd5 4. f3 e5 5. d3 Nc6 6. Bxd5 Qxd5 7. a3 Be6 8. Nc3 Qd7 9. Nge2 Be7 10. Be3 Bh4+
11. g3 Be7 12. Qd2 Bh3 13. O-O-O Bg2 14. Rhg1 Bxf3 15. Rdf1 Bg4 16. Bg5 f6 17. Be3 O-O 18. Ne4 a5 19. Bc5 Bxc5 20. Nxc5 Qd5
21. Nb3 a4 22. Nc3 Qd6 23. Na1 Nd4 24. Ne4 Qb6 25. c3 Ne2+ 26. Kc2 Nxg1 27. d4 Nf3
0-1

[Event "Amos Burn Memorial"]
[Site "SchemingMind.com"]
[Date "2021.07.06"]
[Round "-"]
[White "The Stonewall"]
[Black "Chessibelle"]
[Result "1-0"]
[WhiteCountry "ENG"]
[BlackCountry "ENG"]
[WhiteElo "2417"]
[WhiteRD "73"]
[BlackElo "1080"]
[BlackRD "59"]
[GameID "712966"]

1. e4 e5 2. Nc3 d6 3. Bc4 Nf6 4. f4 Be7 5. Nf3 h6 6. fxe5 Nfd7 7. exd6 Bxd6 8. d4 Nf6 9. e5 Be7 10. exf6 Bxf6
11. O-O O-O 12. Bf4 b6 13. Nd5 a5 14. Bxc7 Qd7 15. Nxf6+ gxf6 16. Bxb6 Bb7 17. Nh4 Kh8 18. Qh5 Kg7 19. Rxf6 Nc6 20. Qxh6+ Kg8
21. Rg6#
1-0

[Event "Amos Burn Memorial"]
[Site "SchemingMind.com"]
[Date "2021.07.06"]
[Round "-"]
[White "Chessibelle"]
[Black "The Stonewall"]
[Result "0-1"]
[WhiteCountry "ENG"]
[BlackCountry "ENG"]
[WhiteElo "1080"]
[WhiteRD "59"]
[BlackElo "2417"]
[BlackRD "73"]
[GameID "712967"]

1. Nf3 e6 2. e4 c5 3. g3 Nc6 4. Be2 Nf6 5. O-O Nxe4 6. b3 Be7 7. d3 Nf6 8. Nbd2 d5 9. Bb2 O-O 10. Ng5 d4
11. c3 dxc3 12. Bxc3 Nd5 13. Bb2 Bxg5 14. Qc2 b6 15. Ne4 Bh6 16. f3 Ne3 17. Qc3 Nxf1 18. Rxf1 Nd4 19. Bd1 f5 20. Nf2 Bb7
21. Qc4 Bd5 22. Qc3 Bxf3 23. a3 Bxd1 24. Nxd1 Ne2+
0-1

[Event "Amos Burn Memorial"]
[Site "SchemingMind.com"]
[Date "2021.07.06"]
[Round "-"]
[White "The Stonewall"]
[Black "William Lindberg"]
[Result "1/2-1/2"]
[WhiteCountry "ENG"]
[BlackCountry "USA"]
[WhiteElo "2385"]
[WhiteRD "75"]
[BlackElo "2457"]
[BlackRD "65"]
[GameID "712968"]

1. e4 e5 2. Nf3 Nc6 3. Nc3 Nf6 4. Bb5 Bc5 5. O-O O-O 6. Nxe5 Nxe5 7. d4 Bd6 8. dxe5 Bxe5 9. Bd3 Re8 10. Nd5 Nxd5
11. exd5 Qf6 12. c3 b6 13. Qh5 g6 14. Qh3 Bb7 15. f4 Bd6 16. Qf3 Re7 17. Bd2 Rae8 18. Rad1 Bc5+ 19. Kh1 Be3 20. f5 Bxd2
21. Rxd2 g5 22. c4 Re3 23. Qf2 h5 24. b3 c6 25. dxc6 Bxc6 26. Kg1 h4 27. Re2 Rxe2 28. Bxe2 Re4 29. h3 Qc3 30. Bf3 Rf4
31. Qe2 Bxf3 32. Rxf3 Rxf3 33. gxf3 Kg7 34. Kg2 Qd4 35. Kf1 Kf6 36. Qc2 Qf4 37. Qc3+ Qe5 38. Qc2 Qxf5 39. Qb2+ Kg6 40. Kg2 Qf4
41. Qb1+ f5 42. Qe1 Kf6 43. Qf2 Kg7 44. Qe1 Kf6 45. Qf2 Kg6=
1/2-1/2

[Event "Amos Burn Memorial"]
[Site "SchemingMind.com"]
[Date "2021.07.06"]
[Round "-"]
[White "William Lindberg"]
[Black "The Stonewall"]
[Result "1-0"]
[WhiteCountry "USA"]
[BlackCountry "ENG"]
[WhiteElo "2474"]
[WhiteRD "66"]
[BlackElo "2405"]
[BlackRD "74"]
[GameID "712969"]

1. e4 d6 2. d4 Nf6 3. Nc3 g6 4. Be2 Bg7 5. Nf3 O-O 6. Bg5 c6 7. O-O Qc7 8. h3 e5 9. a4 Re8 10. dxe5 dxe5
11. Be3 Qe7 12. Bc4 Be6 13. Nxe5 Nxe4 14. Nxe4 Bxe5 15. Bxe6 Qxe6 16. Nc5 Qc8 17. Re1 Bg7 18. Qd3 Rd8 19. Qb3 Nd7 20. Ne4 Qc7
21. Qb4 Nf8 22. a5 Ne6 23. Nc5 Nxc5 24. Bxc5 h6 25. Re7 Rd7 26. Rae1 Bf8 27. R7e4 Rd5 28. Bxf8 Rxf8 29. b3 Rfd8 30. Re7 R5d7
31. Rxd7 Rxd7 32. Re8+ Kh7 33. g3 c5 34. Qe4 Qd6 35. Qf3 Kg7 36. Kg2 Qd2 37. a6 b6 38. Qe4 Qd6 39. h4 h5 40. Rc8 Re7
41. Qf3 Qe5 42. Qd3 Qe6 43. Qc3+ f6 44. Rb8 Qc6+ 45. Qf3 Qd6 46. Qa8 Qe6 47. c4 f5 48. Kh2 Qe5 49. Rg8+ Kh7 50. Rf8 Qd4
51. Kg2 Qg7 52. Rd8 Qe5 53. Qd5 Qf6 54. Rb8 Rf7 55. Qa8 f4 56. Qf3 Kg7 57. Rb7 Qe6 58. Qd5 Qxd5+ 59. cxd5 f3+ 60. Kh3 Kf6
61. g4 hxg4+ 62. Kxg4 b5 63. Kf4 Re7 64. d6 Re8 65. Rxa7 Rf8 66. Re7 c4 67. bxc4 bxc4 68. a7 c3 69. Ke3 c2 70. Kd2
1-0

[Event "Amos Burn Memorial"]
[Site "SchemingMind.com"]
[Date "2021.07.06"]
[Round "-"]
[White "The Stonewall"]
[Black "Daniel Dubé"]
[Result "1-0"]
[WhiteCountry "ENG"]
[BlackCountry "CAN"]
[WhiteElo "2407"]
[WhiteRD "76"]
[BlackElo "1563"]
[BlackRD "56"]
[GameID "712970"]

1. d4 Nf6 2. c4 e6 3. Nc3 Bb4 4. f3 c5 5. d5 b5 6. e4 bxc4 7. Bxc4 Nxd5 8. Bxd5 exd5 9. Qxd5 Nc6 10. Ne2 O-O
11. O-O Ba6 12. Rd1 Re8 13. Bf4 Qf6 14. Bg5 Qg6 15. Nf4 Re5 16. Nxg6 Rxd5 17. Nxd5 hxg6 18. Nc7 f6 19. Be3 Bb7 20. Nxa8 Bxa8
21. Rxd7 Kf8 22. a3 Ba5 23. Bxc5+
1-0

[Event "Amos Burn Memorial"]
[Site "SchemingMind.com"]
[Date "2021.07.06"]
[Round "-"]
[White "Daniel Dubé"]
[Black "The Stonewall"]
[Result "0-1"]
[WhiteCountry "CAN"]
[BlackCountry "ENG"]
[WhiteElo "1547"]
[WhiteRD "57"]
[BlackElo "2385"]
[BlackRD "75"]
[GameID "712971"]

1. Nf3 e6 2. e4 c5 3. d3 Nc6 4. g3 g6 5. Bg2 Bg7 6. O-O Nge7 7. c3 e5 8. Bg5 d6 9. Nbd2 O-O 10. Re1 Be6
11. Nf1 h6 12. Be3 f5 13. a4 f4 14. Bd2 g5 15. h3 Qd7 16. gxf4 exf4 17. N1h2 Bxh3 18. Rf1 Bxg2 19. Kxg2 d5 20. Qc2 g4
21. Ne1 dxe4 22. dxe4 Rad8 23. Bc1 Rf7 24. a5 Ng6 25. Kh1 Nce5 26. Rg1 h5 27. Nf1 h4 28. Qd2 Qc8 29. Qc2 g3 30. fxg3 fxg3
31. Bg5 Qh3+
0-1